Acteurs et Actrices dans les films de Quentin Tarantino ( Mort subite) - Statistiques

Statistiques générales
  • Ce quiz a été pris 82 fois
  • Le résultat moyen est 16 sur 25
Answers on the Grid
Answers color-coded by a green-red scale on the quiz's grid according to % correct below.
Samuel L Jackson
Tim Roth
Uma Thurman
Michael Madsen
Christoph Waltz
Bruce Willis
Kurt Russel
Harvy Keitel
Leonardo Di Caprio
Brad Pitt
Steve Buscemi
David Carradine
Margot Robbie
Al Pacino
Jennifer Jason Leigh
Jamie Foxx
Mélanie Laurent
Lucy Liu
Michael Keaton
Robert de Niro
John Travolta
Christopher Walken
Rosanna Arquette
Ving Rhames
Dakota Fanning
Harrison Ford
Tom Hanks
Tom Cruise
Arnold Schwarzenegger
Sylvester Stallone
Timothée Chalamet
Jean-Paul Belmondo
Morgan Freeman
Angelina Jolie
Natalie Portman
Nicole Kidman
Charlize Theron
Scarlett Johansson
Penélope Cruz
Marion Cotillard
 
Statistiques - réponses
Réponse % Correct
Pulp Fiction, Jackie Brown, Kill Bill 2, Les Huit Salopards Samuel L Jackson
87%
Pulp Ficition, Kill Bill 1 , Kill Bill 2 Uma Thurman
85%
Inglourious Basterds, Once Upon a Time… in Hollywood Brad Pitt
82%
Pulp Fiction John Travolta
82%
Inglourious Basterds, Django Unchained Christoph Waltz
81%
Django Unchained, Once Upon a Time… in Hollywood Leonardo Di Caprio
79%
Inglourious Basterds Mélanie Laurent
72%
Django Unchained Jamie Foxx
68%
Pulp Fiction Bruce Willis
66%
Reservoir Dogs, Pulp Fiction Harvy Keitel
66%
Kill Bill 1 Lucy Liu
66%
Once Upon a Time… in Hollywood Margot Robbie
66%
Reservoir Dogs, Pulp Fiction, Les Huit Salopards Tim Roth
63%
Resevoir Dogs, Kill Bill 1 , Kill Bill 2, Les Huit Salopards, Once upon a time... in Hollywood Michael Madsen
62%
Boulevard de la Mort, Les Huit Salopards, Once Upon a Time… in Hollywood Kurt Russel
59%
Reservoir Dogs, Pulp Fiction Steve Buscemi
59%
Kill Bill 1, Kill Bill 2 David Carradine
56%
Pulp Fiction Christopher Walken
53%
Les Huit Salopards Jennifer Jason Leigh
50%
Pulp Fiction Ving Rhames
49%
Jackie Brown Robert de Niro
46%
Pulp Ficition Rosanna Arquette
43%
Jackie Brown Michael Keaton
40%
Once Upon a Time… in Hollywood Dakota Fanning
38%
Once Upon a Time… in Hollywood Al Pacino
35%
Aucun quiz correspondant
Distribution des résultats
% des personnes avec chaque résultat
Percentile par nombre de réponses
Votre historique - résultats
Vous n’avez pas pris ce quiz